[Event "Pardubice Chladek&Tintera op"]
[Site "Pardubice"]
[Date "2014.07.16"]
[Round "1"]
[White "Dubynka, Semen"]
[Black "Tesar, Patrik"]
[Result "1/2-1/2"]
[WhiteElo "2007"]
[BlackElo "1824"]
[PlyCount "88"]
[EventDate "2014.07.16"]
[EventType "swiss (rapid)"]
[EventRounds "9"]
[EventCountry "CZE"]
[SourceTitle "EXT 2015"]
[Source "ChessBase"]
[SourceDate "2014.11.20"]
[SourceVersion "1"]
[SourceVersionDate "2014.11.20"]
[SourceQuality "1"]

1. c4 c5 2. Nc3 Nc6 3. g3 g6 4. Bg2 Bg7 5. Nf3 Nf6 6. 0-0 0-0 7. d3 d6 8. a3 a6 9. Rb1 Bg4 10. Qc2 Bxf3 11. Bxf3 Rc8 12. Bg2 Nd4 13. Qd1 Rb8 14. b4 b6 15. Qa4 a5 16. b5 Nd7 17. Bb2 f5 18. e3 Ne6 19. Bd5 Kf7 20. Ne2 Bxb2 21. Nf4 Be5 22. Nxe6 Qc8 23. Nxf8+ Kxf8 24. Qc2 Bg7 25. Qe2 Nf6 26. Bg2 e5 27. Bh3 Qb7 28. Bg2 Qe7 29. Rfe1 Bh6 30. Rbd1 Rd8 31. d4 e4 32. dxc5 dxc5 33. Rxd8+ Qxd8 34. Rd1 Qc7 35. Qd2 Ke7 36. f3 exf3 37. Bxf3 Qd7 38. Qc3 Qe6 39. Qd2 Qd7 40. Qc3 Qe6 41. Kf2 Bg7 42. Kg2 Bh6 43. Kf2 Bg7 44. Kg2 Bh6 1/2-1/2